000 00561nam a2200217Ia 4500
003 OSt
005 20241007061007.0
008 240925s9999 xx 000 0 und d
020 _aNA
040 _cds
082 _a297.1 NAJ
100 _aNajmee, Syed Abdul Hassan
245 0 _aIslamic Legal Theory and The Orientalist
250 _aNA
260 _aLahore:
_bInstitute of Islamic Culture
_c,1989.
300 _axii, 393p.
_bNA
_fOriginal
500 _aIncludes Index
600 _aHumanities & Natural Science
650 _aReligion
942 _cBK
_2ddc
999 _c3050
_d3050